MARC

LEADER 00000nam0a2200000 4500
001 317233
005 20231102002943.0
035 |a (RuTPU)RU\TPU\book\342701 
090 |a 317233 
100 |a 20160406d1976 k y0rusy50 ca 
101 0 |a rus 
102 |a RU 
105 |a a z 001zy 
200 1 |a И. П. Бардин и развитие металлургии в СССР  |f Академия наук СССР (АН СССР) ; под ред. Е. М. Савицкого 
210 |a Москва  |c Наука  |d 1976 
215 |a 405 с.  |c ил. 
320 |a Библиография в конце статей 
600 1 |a Бардин  |b И. П.  |c русский металлург  |c создатель черной металлургии  |f 1883-1960  |g Иван Павлович  |2 stltpush  |3 (RuTPU)RU\TPU\pers\12118  |9 3182 
606 1 |a Металлургия общая  |2 stltpush  |3 (RuTPU)RU\TPU\subj\43016  |9 62604 
610 1 |a сырьевая база 
610 1 |a топливная база 
610 1 |a чугун 
610 1 |a сталь 
610 1 |a цветные металлы 
610 1 |a редкие металлы 
610 1 |a металловедение 
610 1 |a контроль 
610 1 |a новая металлургия 
675 |a 669  |v 3 
702 1 |a Савицкий  |b Е. М.  |4 340 
712 0 2 |a Академия наук СССР (АН СССР)  |c (1925-1991)  |2 stltpush  |3 (RuTPU)RU\TPU\col\722 
801 1 |a RU  |b 63413507  |c 20160406 
801 2 |a RU  |b 63413507  |c 20160408  |g RCR 
942 |c BK